000 00888nas a2200325 4500
001 BR0602814
003 BR-BrBNA
005 20231205110056.0
007 ta
008 230509b bl.|||p| |||| 00| 00por d
040 _aBR-BrBNA
_bpor
_cBiblioteca Nacional de Agricultura
041 _a(Pt)
072 _aQ03
100 1 _aAlmeida, L.P. de
100 1 _aMoreira, M.D.
100 1 _areis, D.O.
100 1 _aNeves, J.E.G.
100 1 _aCarrijo, K. de F.
245 1 _aEfeito do vinagre sobre a viabilidade de cistecercos
650 _aCARNE
650 _aBOVINO
650 _aCISTECERCO
650 _aABATEDOURO
650 _aVINAGRE
650 _aZOONOSE
650 _aSAÚDE PÚBLICA
773 0 _tHigiene Alimentar (Brazil)
_xISSN 0101-9171
_g(May-Jun 2006), v. 20(141) p. 111-113
_wBR0602814
909 _a202311
_bLúcia
_c55
_dLúcia Elande
942 _2AGRIS
_n0
_cANA
999 _c186105
_d186105